000 00484nam a2200169 4500
001 138938
003 ES-MaACL
005 20230906195653.0
007 t|
008 070214s1958 sp r ||||1| spa d
100 1 _aSanz, Angel B.
_9103562
245 1 0 _aPsicología del dinero /
_cAngel B. Sanz ; prólogo de José Castañeda.
260 _aMadrid :
_bSopec,
_c1958.
300 _a104 p. ;
_c20 cm.
700 1 _aCastañeda, José.
_936405
852 _aES-MaACL
_jC-14824
_bR.42363
999 _c138938
_d138938